Responses for Show #7686 - Monday, January 29, 2018

Ryan Fenster game 1.

Contestants

[<< previous game]

Maria Pecoraro, a teacher and learning support specialist from New Haven, Connecticut

Ryan Fenster, a banker from SeaTac, Washington

Jennifer Tomassi, a freelance writer from Los Angeles, California (whose 1-day cash winnings total $20,401)

[next game >>]

Jeopardy! Round responses

HISTORY ACROSS AMERICA
WINTER OLYMPICS PREVIEW
(Alex: Hey, they're coming up.)
FRUITS & VEGETABLES IN FRENCH
MYTHOL-"O"-GY
DOG BREEDS
THE WORDS OF H.G. WELLS
    $200 8
Barack Obama's inauguration

Jennifer
    $200 2
Seoul

Ryan
    $200 16
(Ryan: What are baby carrots?)

baby peas

RyanMaria
    $200 10
Odysseus

Ryan
    $200 1
a spaniel

Maria
    $200 15
The Time Machine

Jennifer
    $400 3
Paul Revere

Ryan
    $400 5
curling

Ryan
    $400 20
a plum

Ryan
    $400 11
Odin

Jennifer
    $400 9
(Jennifer: What is the Lhasa apso?)
(Ryan: What is a Shiba Inu?)
(Maria: What's a shar-pei?)

the Akita

JenniferRyanMaria
Triple Stumper
    $400 19
atomic

Jennifer
    $600 4
carry a big stick

Maria
    $600 26
[The end-of-round signal sounds.]

Lindsey Vonn

Triple Stumper
    $1,000 12
Orpheus

Jennifer
    $600 17
(Jennifer: What is an Airedale terrier?)

a wire-haired fox terrier

Jennifer
Triple Stumper
    $600 21
(Ryan: What's an open marriage?)
[Originally ruled incorrect; ruled correct at the beginning of Double Jeopardy!]
...
(Alex: Less than a minute to go.)

free love (or an open marriage)

RyanMaria
    $800 6
(Ryan: What is the Texas Book Depository? Or Texas Textbook Depository?)
(Maria: What is the Texas Book Depository?)

Texas School Book Depository

RyanMaria
Triple Stumper
    $800 13
Osiris

Ryan
    $800 18
(Ryan: What's an Italian greyhound?)
[Originally ruled incorrect; reversed at the beginning of Double Jeopardy!]

a whippet (or an Italian greyhound)

RyanMaria
    $800 22
parallel universes

Ryan
    $1000 7
(Ryan: What is the Treaty of Ghent?)
(Maria: What is the Treaty of Versailles?)

the Treaty of Paris

RyanMaria
Triple Stumper
    $1000 25
luge

Ryan
    $1000 14
(Jennifer: Who's Oedipus?)

Orestes

JenniferMaria
    $1000 24
a Samoyed

Ryan
    $1000 23
landfall

Ryan

Scores at the first commercial break (after clue 15):

Jennifer Ryan Maria
$400 -$200 -$400

Scores at the end of the Jeopardy! Round:

Jennifer Ryan Maria
$200 $5,200 $1,200

Double Jeopardy! Round responses

NATIVE SONS
THEY COME IN PAIRS
BALLET COMPANIES
FREEZE FRAME
JAPANESE AUTHORS
2-LETTER WORDS
    $400 2
Wheaties

Ryan
    $400 9
craps

Ryan
    $400 1
Montreal

Ryan
    $400 14
Ice Age

Jennifer
    $400 25
haiku

Maria
    $400 17
at

Maria
    $800 3
(Jennifer: What is Pennsylvania?)

North Carolina

Jennifer
Triple Stumper
    $800 10
chopsticks

Ryan
    $1,000 7
[Jennifer shakes her head.]

Princess Grace of Monaco

Jennifer
    $800 15
Hans Christian Andersen

Jennifer
    $800 26
the Nobel

Ryan
    $800 18
ho

Ryan
    $1200 4
(Ryan: Who is Lindbergh?)

Neil Armstrong

Ryan
Triple Stumper
    $1200 11
Pisces

Ryan
    $1200 8
Sweden

Ryan
    $1200 22
the ice storm

Triple Stumper
    $1200 27
a geisha

Ryan
    $1200 19
the id

Ryan
    $1600 5
B.B. King

Jennifer
    $1600 12
lungs

Ryan
    $1600 24
(Alex: Less than a minute to go now.)

the Ballets Russes

Triple Stumper
    $1600 23
The Year Without a Santa Claus

Ryan
    $1600 28
Battle Royale

Ryan
    $1600 21
Ur

Ryan
    $1,000 6
(Jennifer: What is...)
(Alex: Hurry.)
(Jennifer: Jackson.)
(Alex: No. The reference is to Mark Twain, and it's [*].)

Hannibal, Missouri

Jennifer
    $2000 13
Fortitude

Maria
    $2000 16
(Ryan: What is The Snowman?)

The Snowy Day

Ryan
Triple Stumper
    $2000 29
[The end-of-round signal sounds.]

1Q84

Triple Stumper
    $2000 20
Io

Maria

Scores at the end of the Double Jeopardy! Round:

Jennifer Ryan Maria
$200 $16,800 $6,000
(lock game)

[wagering suggestions for these scores]

Final Jeopardy! Round responses

THE 1960s
JenniferWhat is the American flag? a draft card?
$0
MariaWhat is a Draft card? Hi Robert!
$5,000
RyanWhat is a draft card
$4,199
a draft card

Final scores:

Jennifer Ryan Maria
$200 $20,999 $11,000
3rd place: $1,000 New champion: $20,999 2nd place: $2,000

Game dynamics:

Coryat scores:

Jennifer Ryan Maria
$1,800 $16,800 $6,000
8 R
(including 1 DD),
6 W
(including 2 DDs)
26 R,
6 W
10 R,
3 W

Combined Coryat: $24,600

[game clues] [game scores] [suggest correction]

Game tape date: 2017-11-07
The J! Archive is created by fans, for fans. Scraping, republication, monetization, and malicious use prohibited; this site may use cookies and collect identifying information. See terms. The Jeopardy! game show and all elements thereof, including but not limited to copyright and trademark thereto, are the property of Jeopardy Productions, Inc. and are protected under law. This website is not affiliated with, sponsored by, or operated by Jeopardy Productions, Inc. Join the discussion at JBoard.tv.